KOHA-Header-6

A Quick English Reference (Record no. 8933)

000 -LEADER
fixed length control field 00254nam a2200109Ia 4500
100 ## - MAIN ENTRY--AUTHOR NAME
Personal name J. S. Hooper
245 #2 - TITLE STATEMENT
Title A Quick English Reference
260 ## - PUBLICATION, DISTRIBUTION, ETC. (IMPRINT)
Place of publication Delhi
Name of publisher Addison
Year of publication 1999
300 ## - PHYSICAL DESCRIPTION
Number of Pages 942
942 ## - ADDED ENTRY ELEMENTS (KOHA)
Koha item type Books
Holdings
Withdrawn status Lost status Collection code Permanent Location Current Location Shelving location Date acquired Full call number Accession Number Koha item type
    English Literature MAJU MAJU Shelf No.A14 2019-09-14 658.401 4113 English Literature

Powered by Koha